[Event "Hannover Region-ch op"]
[Site "Hannover"]
[Date "2003.03.01"]
[Round "5"]
[White "Schnittger, Michael"]
[Black "Zuelke, Dieter"]
[Result "0-1"]
[WhiteElo "1381"]
[BlackElo "1261"]
[PlyCount "28"]
[EventDate "2003.01.25"]
[EventType "swiss"]
[EventRounds "7"]
[EventCountry "GER"]
[SourceTitle "EXT 2022"]
[Source "ChessBase"]
[SourceDate "2021.10.06"]
[SourceVersion "1"]
[SourceVersionDate "2021.10.06"]
[SourceQuality "1"]

1. d4 Nf6 2. Nf3 g6 3. Nc3 Bg7 4. e3 0-0 5. Bd3 d5 6. 0-0 a6 7. Ne5 Nbd7 8. f4 e6 9. Bd2 c5 10. Ne2 c4 11. Nc1 cxd3 12. Ncxd3 Ne4 13. Bc1 f6 14. Ng4 e5 0-1

[Event "Hannover Region-ch op"]
[Site "Hannover"]
[Date "2003.02.01"]
[Round "2"]
[White "Schnittger, Michael"]
[Black "Lick, Patrick"]
[Result "0-1"]
[WhiteElo "1381"]
[BlackElo "1551"]
[PlyCount "52"]
[EventDate "2003.01.25"]
[EventType "swiss"]
[EventRounds "7"]
[EventCountry "GER"]
[SourceTitle "EXT 2022"]
[Source "ChessBase"]
[SourceDate "2021.10.06"]
[SourceVersion "1"]
[SourceVersionDate "2021.10.06"]
[SourceQuality "1"]

1. d4 d5 2. Nf3 e6 3. e3 c5 4. Be2 Nc6 5. 0-0 cxd4 6. exd4 Bd6 7. Nc3 a6 8. a3 Nge7 9. Qd2 0-0 10. Bd3 Ng6 11. g3 Qf6 12. Be2 h6 13. h4 Qd8 14. h5 Nge7 15. Nd1 Qb6 16. c3 f5 17. Qd3 Qc7 18. Bf4 Bxf4 19. Kg2 Bd6 20. Qe3 f4 21. gxf4 Bxf4 22. Qd3 Bd7 23. c4 Rf6 24. cxd5 exd5 25. Nc3 Raf8 26. Na4 Bf5 0-1